000
00269nam a22001217a 4500
008
170802b xxu||||| |||| 00| 0 eng d
041
_a
eng
080
_a
004
100
_a
32
101
_a
SHK
245
_a
A COURSE IN PROCESS DESIGN
_c
SHERWOOD,TH.K
942
_2
udc
_c
BK
999
_c
22524
_d
22524